[Event "SRB-chT (Women)"]
[Site "Palic"]
[Date "2014.09.08"]
[Round "10.2"]
[White "Mladenovic, Jelena"]
[Black "Vuckovic, Lidija"]
[Result "1/2-1/2"]
[WhiteElo "2102"]
[BlackElo "1786"]
[PlyCount "67"]
[EventDate "2014.08.30"]
[EventType "team-tourn"]
[EventRounds "11"]
[EventCountry "SRB"]
[SourceTitle "CBM 162 Extra"]
[Source "ChessBase"]
[SourceDate "2014.10.17"]
[SourceVersion "1"]
[SourceVersionDate "2014.10.17"]
[SourceQuality "1"]
[WhiteTeam "Kac Jugovic (W)"]
[BlackTeam "Nova Varos (W)"]
[WhiteTeamCountry "SRB"]
[BlackTeamCountry "SRB"]

1. e4 g6 2. Nf3 d6 3. d4 Bg7 4. c3 Nf6 5. Bd3 0-0 6. h3 c5 7. 0-0 a6 8. a4 b6 9. e5 dxe5 10. dxe5 Ne8 11. Be4 Qxd1 12. Rxd1 Ra7 13. a5 b5 14. Be3 Nd7 15. Nbd2 Rc7 16. Bf4 Ra7 17. Nf1 Nc7 18. Ne3 Ne6 19. Bg3 c4 20. Nd4 Nxd4 21. cxd4 e6 22. f4 Rc7 23. Be1 Bb7 24. d5 exd5 25. Nxd5 Bxd5 26. Bxd5 Nb8 27. Bb4 Re8 28. Bd6 Rd7 29. Rd2 Bf8 30. Bxb8 Rxb8 31. e6 Rc7 32. exf7+ Kg7 33. Re2 Rd8 34. Re5 1/2-1/2

[Event "SRB-chT (Women)"]
[Site "Palic"]
[Date "2014.08.30"]
[Round "1.3"]
[White "Mladenovic, Jelena"]
[Black "Eric, Jovana"]
[Result "1-0"]
[WhiteElo "2102"]
[BlackElo "2201"]
[PlyCount "80"]
[EventDate "2014.08.30"]
[EventType "team-tourn"]
[EventRounds "11"]
[EventCountry "SRB"]
[SourceTitle "CBM 162 Extra"]
[Source "ChessBase"]
[SourceDate "2014.10.17"]
[SourceVersion "1"]
[SourceVersionDate "2014.10.17"]
[SourceQuality "1"]
[WhiteTeam "Kac Jugovic (W)"]
[BlackTeam "Goracici Jelica (W)"]
[WhiteTeamCountry "SRB"]
[BlackTeamCountry "SRB"]

1. e4 c5 2. Nf3 Nc6 3. Bb5 g6 4. Bxc6 bxc6 5. d3 Bg7 6. 0-0 d6 7. Nbd2 Nh6 8. Re1 0-0 9. Nc4 f6 10. c3 Nf7 11. Be3 Bg4 12. h3 Be6 13. Qa4 Qc8 14. Rac1 g5 15. d4 d5 16. Ncd2 c4 17. b3 cxb3 18. axb3 g4 19. hxg4 Bxg4 20. Nh2 Bd7 21. Qa3 e5 22. c4 dxe4 23. Nxe4 f5 24. Nd6 Nxd6 25. Qxd6 e4 26. Bf4 Rd8 27. Re3 Be6 28. Qe7 Qd7 29. Qg5 Qxd4 30. Rh3 Qf6 31. Qh5 Qg6 32. Qe2 Kh8 33. Nf1 Rd7 34. Ng3 Rd3 35. Rh5 Rad8 36. Rg5 Qf6 37. Nh5 Qb2 38. Qe1 Bd4 39. Bg3 Be5 40. Nf4 Bxf4 1-0

[Event "BIH-chT (Women)"]
[Site "Neum"]
[Date "2013.09.08"]
[Round "5"]
[White "Mladenovic, Jelena"]
[Black "Avdic, Adnan"]
[Result "1-0"]
[WhiteElo "2123"]
[BlackElo "2268"]
[PlyCount "33"]
[EventDate "2013.09.05"]
[EventType "team-swiss"]
[EventRounds "5"]
[EventCountry "BIH"]
[SourceTitle "CBM 156 Extra"]
[Source "ChessBase"]
[SourceDate "2013.10.22"]
[SourceVersion "1"]
[SourceVersionDate "2013.10.22"]
[SourceQuality "1"]

1. e4 e5 2. Bc4 Nc6 3. Nf3 Bc5 4. 0-0 Nf6 5. d3 0-0 6. c3 d6 7. h3 h6 8. Bb3 b5 9. Re1 Bb7 10. Nbd2 Re8 11. Nf1 Ne7 12. Ng3 Qd7 13. d4 exd4 14. cxd4 Bb4 15. Bxf7+ Kxf7 16. Qb3+ d5 17. Ne5+ 1-0

[Event "SRB-chT (Women)"]
[Site "Kragujevac"]
[Date "2013.08.28"]
[Round "5.5"]
[White "Mladenovic, Jelena"]
[Black "Milutinovic, Stefana"]
[Result "1/2-1/2"]
[WhiteElo "2123"]
[BlackElo "2035"]
[PlyCount "70"]
[EventDate "2013.08.24"]
[EventType "team-tourn"]
[EventRounds "11"]
[EventCountry "SRB"]
[SourceTitle "CBM 156 Extra"]
[Source "ChessBase"]
[SourceDate "2013.10.22"]
[SourceVersion "1"]
[SourceVersionDate "2013.10.22"]
[SourceQuality "1"]
[WhiteTeam "Kac Jugovic (W)"]
[BlackTeam "Belgrade Rad (W)"]
[WhiteTeamCountry "SRB"]
[BlackTeamCountry "SRB"]

1. e4 c5 2. Nf3 d6 3. Bb5+ Bd7 4. a4 Nc6 5. 0-0 e6 6. Re1 Nf6 7. d3 a6 8. Bxc6 Bxc6 9. e5 dxe5 10. Nxe5 Qc7 11. Nxc6 Qxc6 12. Bf4 b6 13. Nd2 Be7 14. Nc4 0-0 15. Ne5 Qb7 16. Ng4 Nxg4 17. Qxg4 Bf6 18. Be5 Bxe5 19. Rxe5 Qc7 20. Rae1 b5 21. Rg5 f5 22. Qh4 Rf6 23. Rg3 Raf8 24. axb5 Qa5 25. Rge3 axb5 26. f4 Qa2 27. Qf2 Qxb2 28. Rxe6 Rxe6 29. Rxe6 Qa1+ 30. Re1 Qc3 31. h3 c4 32. dxc4 Qxc4 33. Re5 b4 34. Qd2 b3 35. cxb3 Qxb3 1/2-1/2

[Event "SRB-chT (Women)"]
[Site "Valjevo"]
[Date "2012.09.24"]
[Round "8.1"]
[White "Injac, Teodora"]
[Black "Mladenovic, Jelena"]
[Result "1/2-1/2"]
[WhiteElo "1704"]
[BlackElo "2124"]
[PlyCount "85"]
[EventDate "2012.09.17"]
[EventType "team-tourn"]
[EventRounds "11"]
[EventCountry "SRB"]
[SourceTitle "CBM 150 Extra"]
[Source "ChessBase"]
[SourceDate "2012.10.19"]
[SourceVersion "1"]
[SourceVersionDate "2012.10.19"]
[SourceQuality "1"]
[WhiteTeam "Pozarevac (W)"]
[BlackTeam "Kac Jugovic (W)"]
[WhiteTeamCountry "SRB"]
[BlackTeamCountry "SRB"]

1. e4 c5 2. Nc3 Nc6 3. g3 g6 4. Bg2 Bg7 5. d3 d6 6. f4 e6 7. Nf3 Nh6 8. 0-0 0-0 9. Ne2 f5 10. h3 Bd7 11. c3 Rc8 12. Nh2 b5 13. g4 Kh8 14. g5 Nf7 15. Ng3 b4 16. c4 Nd4 17. exf5 exf5 18. h4 Bc6 19. h5 Kg8 20. Nf3 Qd7 21. Kh2 Rfe8 22. Nh4 Bxg2 23. Nxg2 d5 24. Ne3 dxc4 25. dxc4 Nd6 26. Rb1 Qe6 27. b3 Ne4 28. Nxe4 Qxe4 29. Bd2 Rcd8 30. h6 Bh8 31. Rf2 Nf3+ 32. Rxf3 Rxd2+ 33. Qxd2 Qxf3 34. Qd5+ Qxd5 35. Nxd5 Re2+ 36. Kg3 Kf7 37. Kf3 Re4 38. Rd1 Bd4 39. Rc1 Ke6 40. Nc7+ Kd7 41. Nd5 Ke6 42. Nc7+ Kd7 43. Nd5 1/2-1/2

[Event "SRB-chT (Women)"]
[Site "Novi Sad"]
[Date "2010.08.30"]
[Round "8"]
[White "Laketic, Milica"]
[Black "Mladenovic, Jelena"]
[Result "0-1"]
[WhiteElo "2133"]
[BlackElo "2112"]
[PlyCount "86"]
[EventDate "2010.08.23"]
[EventType "team-tourn"]
[EventRounds "11"]
[EventCountry "YUG"]
[SourceTitle "CBM 138 Extra"]
[Source "ChessBase"]
[SourceDate "2010.10.29"]
[SourceVersion "1"]
[SourceVersionDate "2010.10.29"]
[SourceQuality "1"]

1. e4 c6 2. d4 d5 3. Nd2 dxe4 4. Nxe4 Bf5 5. Ng3 Bg6 6. Nf3 Nd7 7. h4 h6 8. h5 Bh7 9. Bd3 Bxd3 10. Qxd3 e6 11. Qe2 Ngf6 12. c4 Qa5+ 13. Bd2 Bb4 14. 0-0 Bxd2 15. Nxd2 0-0 16. b4 Qc7 17. Nf3 a5 18. a3 Qf4 19. Qb2 b6 20. b5 c5 21. Rad1 Rac8 22. Rfe1 Rfd8 23. Qc2 Qc7 24. d5 Nf8 25. Ne5 exd5 26. Nc6 Re8 27. Nf5 Ng4 28. g3 Ne5 29. Kg2 Nxc6 30. bxc6 d4 31. f3 Ne6 32. Qe4 Kh8 33. Qg4 Rcd8 34. Qh4 Ng5 35. Qg4 Qxc6 36. Ne7 Qa4 37. f4 Qc2+ 38. Re2 Qxd1 39. Ng6+ Kh7 40. Rxe8 Qxg4 41. Nf8+ Kg8 42. Rxd8 Qe2+ 43. Kh1 Qf1+ 0-1

[Event "Belgrade-ch (Women)"]
[Site "Belgrade"]
[Date "2010.01.26"]
[Round "4"]
[White "Mladenovic, Jelena"]
[Black "Dizdarevic, Barbara"]
[Result "1-0"]
[WhiteElo "2130"]
[BlackElo "1920"]
[PlyCount "125"]
[EventDate "2010.01.23"]
[EventType "swiss"]
[EventRounds "9"]
[EventCountry "YUG"]
[SourceTitle "CBM 134 Extra"]
[Source "ChessBase"]
[SourceDate "2010.03.03"]
[SourceVersion "1"]
[SourceVersionDate "2010.03.03"]
[SourceQuality "1"]

1. e4 c5 2. Nf3 Nc6 3. Bb5 g6 4. Bxc6 dxc6 5. d3 Bg7 6. Nc3 Nf6 7. Be3 b6 8. h3 Qc7 9. Qd2 Ba6 10. Bf4 Qb7 11. Bh6 Bxh6 12. Qxh6 0-0-0 13. Ng5 Rdf8 14. 0-0-0 Qc7 15. Nf3 Rd8 16. Rhe1 e5 17. Nd2 Ne8 18. f4 b5 19. fxe5 Qxe5 20. Rf1 Qe6 21. Kb1 Nd6 22. Qe3 Nb7 23. Nb3 Qe7 24. Qf2 Rhf8 25. Qf6 Qxf6 26. Rxf6 Kc7 27. Rdf1 Rd7 28. e5 c4 29. e6 Re7 30. Rxf7 Rfe8 31. dxc4 b4 32. Rxe7+ Rxe7 33. Rf7 Kd6 34. Ne4+ Kxe6 35. Ng5+ Kd7 36. Rxe7+ Kxe7 37. Nxh7 Bxc4 38. Nd4 Kd6 39. Ng5 Bf1 40. g3 Bg2 41. Kc1 Ke5 42. Ndf3+ Kf5 43. Kd2 Nc5 44. Ke3 Na4 45. a3 bxa3 46. bxa3 Nb2 47. Kd4 Bf1 48. Ne4 Bxh3 49. Nh4+ Kg4 50. Nxg6 Bg2 51. Ne5+ Kf5 52. g4+ Kf4 53. Nc5 Bd5 54. Ncd3+ Nxd3 55. Nxd3+ Kxg4 56. Nb4 Bf3 57. Kc5 Be4 58. c4 Kf5 59. Nxc6 Ke6 60. Nxa7 Kd7 61. Kb6 Bc2 62. c5 Ba4 63. c6+ 1-0

[Event "Belgrade op"]
[Site "Belgrade"]
[Date "2009.11.29"]
[Round "6"]
[White "Nikolic, Dragoljub"]
[Black "Mladenovic, Jelena"]
[Result "1/2-1/2"]
[WhiteElo "2289"]
[BlackElo "2150"]
[PlyCount "134"]
[EventDate "2009.11.24"]
[EventType "swiss"]
[EventRounds "9"]
[EventCountry "YUG"]
[SourceTitle "CBM 133 Extra"]
[Source "ChessBase"]
[SourceDate "2010.01.05"]
[SourceVersion "1"]
[SourceVersionDate "2010.01.05"]
[SourceQuality "1"]

1. d4 d5 2. Nf3 Nf6 3. c4 dxc4 4. Qa4+ c6 5. Qxc4 g6 6. Bg5 Qa5+ 7. Qc3 Qb6 8. Nbd2 Nd5 9. Qc1 Bg7 10. e4 h6 11. Nc4 Qd8 12. Bd2 Nb6 13. Na5 N8d7 14. e5 Nf8 15. Be2 Ne6 16. Nb3 g5 17. Be3 Nd5 18. g3 Nxe3 19. Qxe3 Nc7 20. Bd3 Bh3 21. Be4 Nd5 22. Qd2 a5 23. Ng1 Bc8 24. Ne2 Bh3 25. Rc1 0-0 26. Ng1 Bc8 27. h4 f5 28. Bb1 a4 29. Nc5 Qa5 30. hxg5 Qxd2+ 31. Kxd2 hxg5 32. Ne2 b6 33. Nd3 Bb7 34. Rh5 Kf7 35. f4 Rh8 36. Rch1 Rxh5 37. Rxh5 Rh8 38. Rxh8 Bxh8 39. Nc3 Nxc3 40. Kxc3 gxf4 41. gxf4 Ke6 42. Bc2 Ba6 43. Bxa4 Bxd3 44. Kxd3 b5 45. Bb3+ Kd7 46. Bf7 e6 47. b3 b4 48. Kc4 Bg7 49. Kxb4 Bh6 50. Bh5 Bxf4 51. Bf3 Bg5 52. Kc5 Be7+ 53. Kb6 Bd8+ 54. Kb7 Ba5 55. Bxc6+ Kd8 56. d5 Ke7 57. a3 Bc3 58. b4 Bxe5 59. dxe6 Bd6 60. Bd5 f4 61. Kc6 f3 62. Bxf3 Kxe6 63. Kb5 Kd7 64. a4 Kc7 65. a5 Kb8 66. Ka4 Ka7 67. b5 Bc7 1/2-1/2

[Event "Belgrade op"]
[Site "Belgrade"]
[Date "2009.11.28"]
[Round "5"]
[White "Mladenovic, Jelena"]
[Black "Popovic, Nenad"]
[Result "0-1"]
[WhiteElo "2150"]
[BlackElo "2309"]
[PlyCount "110"]
[EventDate "2009.11.24"]
[EventType "swiss"]
[EventRounds "9"]
[EventCountry "YUG"]
[SourceTitle "CBM 133 Extra"]
[Source "ChessBase"]
[SourceDate "2010.01.05"]
[SourceVersion "1"]
[SourceVersionDate "2010.01.05"]
[SourceQuality "1"]

1. e4 c6 2. d4 d5 3. Nd2 dxe4 4. Nxe4 Nf6 5. Nxf6+ gxf6 6. c3 Bf5 7. Nf3 e6 8. g3 Bd6 9. Bg2 Nd7 10. 0-0 Qc7 11. Re1 0-0-0 12. b4 Bg4 13. a4 Rdg8 14. b5 c5 15. a5 Qb8 16. Qd3 h5 17. Nh4 f5 18. a6 b6 19. Bb7+ Kc7 20. dxc5 Nxc5 21. Qxd6+ Kxd6 22. Bf4+ Kd7 23. Bxb8 Rxb8 24. Bc6+ Kc7 25. Kg2 Nd3 26. Re3 Rbd8 27. f3 f4 28. Re2 e5 29. fxg4 hxg4 30. Kf1 f3 31. Re3 f5 32. Rd1 e4 33. Bxe4 fxe4 34. Rxe4 Nc5 35. Rxd8 Rxd8 36. Rxg4 Rd1+ 37. Kf2 Rd2+ 38. Kxf3 Rxh2 39. Rg7+ Nd7 40. Ng6 Kd6 41. Ke3 Rb2 42. c4 Rb3+ 43. Kf4 Rc3 44. Rxd7+ Kxd7 45. Ne5+ Kd6 46. g4 Rc1 47. g5 Ke6 48. Nc6 Rxc4+ 49. Ke3 Rg4 50. Nxa7 Kd7 51. Kd3 Rxg5 52. Kc4 Rg4+ 53. Kc3 Kd6 54. Nc6 Kc5 55. Kb3 Rg8 0-1

[Event "Belgrade op"]
[Site "Belgrade"]
[Date "2009.11.27"]
[Round "4"]
[White "Enchev, Ivajlo"]
[Black "Mladenovic, Jelena"]
[Result "1-0"]
[WhiteElo "2408"]
[BlackElo "2150"]
[PlyCount "65"]
[EventDate "2009.11.24"]
[EventType "swiss"]
[EventRounds "9"]
[EventCountry "YUG"]
[SourceTitle "CBM 133 Extra"]
[Source "ChessBase"]
[SourceDate "2010.01.05"]
[SourceVersion "1"]
[SourceVersionDate "2010.01.05"]
[SourceQuality "1"]

1. d4 d5 2. c4 dxc4 3. Nf3 Nf6 4. e3 g6 5. Bxc4 Bg7 6. 0-0 0-0 7. h3 Ne4 8. Nc3 Nd6 9. Bb3 b5 10. a4 b4 11. Nd5 a5 12. Qc2 c6 13. Nf4 Bf5 14. Qe2 Na6 15. Rd1 Qb6 16. g4 Bc8 17. e4 Nc7 18. Qc2 Ne6 19. e5 Nxf4 20. Bxf4 Nb7 21. Ng5 Nd8 22. Rac1 Be6 23. Nxe6 fxe6 24. Qe4 Rc8 25. Rc5 Rc7 26. Rdc1 Rd7 27. Be3 Kh8 28. h4 Qb7 29. h5 Rg8 30. hxg6 h6 31. Kg2 Qa8 32. Rh1 Nb7 33. Bxh6 1-0

[Event "Belgrade op"]
[Site "Belgrade"]
[Date "2009.11.26"]
[Round "3"]
[White "Mladenovic, Jelena"]
[Black "Jovanovic, Zoran"]
[Result "1-0"]
[WhiteElo "2150"]
[BlackElo "2325"]
[PlyCount "39"]
[EventDate "2009.11.24"]
[EventType "swiss"]
[EventRounds "9"]
[EventCountry "YUG"]
[SourceTitle "CBM 133 Extra"]
[Source "ChessBase"]
[SourceDate "2010.01.05"]
[SourceVersion "1"]
[SourceVersionDate "2010.01.05"]
[SourceQuality "1"]

1. e4 c5 2. Nf3 Nc6 3. Bb5 d6 4. 0-0 Bd7 5. Re1 a6 6. Bxc6 Bxc6 7. d4 cxd4 8. Nxd4 Nf6 9. Nxc6 bxc6 10. Qf3 e5 11. Bg5 Qb6 12. Bxf6 Qxb2 13. Nc3 gxf6 14. Rab1 Qa3 15. Qxf6 Rg8 16. Rb7 Rg7 17. Reb1 Qxc3 18. Rb8+ Rxb8 19. Rxb8+ Kd7 20. Qf5+ 1-0

[Event "SRB Central-ch (Women)"]
[Site "Vrnjacka Banja"]
[Date "2009.11.15"]
[Round "7"]
[White "Dragojevic, Marija"]
[Black "Mladenovic, Jelena"]
[Result "1/2-1/2"]
[WhiteElo "1984"]
[BlackElo "2145"]
[PlyCount "53"]
[EventDate "2009.11.09"]
[EventType "tourn"]
[EventRounds "7"]
[EventCountry "YUG"]
[SourceTitle "EXT 2010"]
[Source "ChessBase"]
[SourceDate "2010.11.25"]
[SourceVersion "1"]
[SourceVersionDate "2010.11.25"]
[SourceQuality "1"]

1. e4 c5 2. c3 d5 3. exd5 Qxd5 4. d4 Nc6 5. Nf3 Bg4 6. Be2 cxd4 7. cxd4 e6 8. Nc3 Bb4 9. 0-0 Qa5 10. Ne4 Rd8 11. Be3 Nge7 12. a3 Bd6 13. Nxd6+ Rxd6 14. Qb3 0-0 15. Rfd1 Nd5 16. Rac1 Rd7 17. h3 Bxf3 18. Bxf3 Nce7 19. Be4 Qd8 20. Bb1 Ng6 21. Qd3 f5 22. Qe2 Qe7 23. Bd2 f4 24. Qg4 Nf6 25. Qe2 Nd5 26. Qg4 Nf6 27. Qe2 1/2-1/2

[Event "SRB-chT (Women)"]
[Site "Pozarevac"]
[Date "2009.09.20"]
[Round "7"]
[White "Uzelac, Iva"]
[Black "Mladenovic, Jelena"]
[Result "0-1"]
[WhiteElo "1643"]
[BlackElo "2150"]
[PlyCount "56"]
[EventDate "2009.09.14"]
[EventType "team-tourn"]
[EventRounds "9"]
[EventCountry "YUG"]
[SourceTitle "CBM 132 Extra"]
[Source "ChessBase"]
[SourceDate "2009.11.03"]
[SourceVersion "1"]
[SourceVersionDate "2009.11.03"]
[SourceQuality "1"]

1. Nf3 Nf6 2. d4 d5 3. g3 Bf5 4. Bg2 e6 5. 0-0 Nbd7 6. b3 h6 7. Bb2 Be7 8. Nbd2 0-0 9. c4 c6 10. Ne5 Nxe5 11. dxe5 Nd7 12. e4 dxe4 13. Nxe4 Nc5 14. Qe2 Qd3 15. Rfe1 Rfd8 16. Nxc5 Bxc5 17. Qxd3 Rxd3 18. Rad1 Rad8 19. Bf3 Rd2 20. Rxd2 Rxd2 21. Re2 Rd1+ 22. Kg2 Bd3 23. Re3 Bf1+ 24. Kg1 Rb1 25. Be4 Bd3+ 26. Kg2 Bxe3 27. Bxd3 Rxb2 28. Kf3 Bxf2 0-1

[Event "SRB-chT (Women)"]
[Site "Pozarevac"]
[Date "2009.09.17"]
[Round "4"]
[White "Mladenovic, Jelena"]
[Black "Benderac, Ana"]
[Result "1/2-1/2"]
[WhiteElo "2150"]
[BlackElo "2298"]
[PlyCount "187"]
[EventDate "2009.09.14"]
[EventType "team-tourn"]
[EventRounds "9"]
[EventCountry "YUG"]
[SourceTitle "CBM 132 Extra"]
[Source "ChessBase"]
[SourceDate "2009.11.03"]
[SourceVersion "1"]
[SourceVersionDate "2009.11.03"]
[SourceQuality "1"]

1. e4 d6 2. d4 g6 3. Nc3 Bg7 4. Nf3 Nf6 5. h3 0-0 6. Be2 c6 7. a4 Nbd7 8. Be3 e5 9. dxe5 dxe5 10. Nd2 Qe7 11. Nc4 Rd8 12. Qd6 Qxd6 13. Nxd6 Nf8 14. Nxc8 Rdxc8 15. 0-0 Ne6 16. Rfd1 Nd4 17. Bxd4 exd4 18. Rxd4 Nd5 19. Nxd5 cxd5 20. Rxd5 Rxc2 21. Bd1 Rxb2 22. Rc1 Re8 23. Rc4 b6 24. Rd7 Bf8 25. Rc2 Rb1 26. Re2 h5 27. Kh2 a5 28. Rd5 Bg7 29. g3 h4 30. e5 hxg3+ 31. Kxg3 Rxe5 32. Rdxe5 Bxe5+ 33. Rxe5 Rxd1 34. Rb5 Rd3+ 35. Kg2 Rd6 36. Kg3 f6 37. Rb3 g5 38. Kg4 Kf7 39. Kf3 Ke6 40. Ke3 Kd5 41. Kd3 Kc6+ 42. Kc4 f5 43. Rb5 Rh6 44. Rxf5 Rh4+ 45. Kb3 Rxh3+ 46. Kb2 Rh4 47. Ka3 Rg4 48. Kb3 Rg1 49. Ka3 Rg4 50. Kb3 Rg1 51. Ka3 Kd6 52. Kb3 g4 53. Rg5 Ke7 54. Kc3 Kf6 55. Rb5 Rc1+ 56. Kd4 Rc6 57. Kd5 Re6 58. Kd4 Kg6 59. Kd3 Rf6 60. Ke3 Kf7 61. Rb2 Ke7 62. Ke4 Kd7 63. Ke5 Rc6 64. Kd5 Kc7 65. Re2 Rc5+ 66. Kd4 Kd6 67. Re4 b5 68. axb5 Rxb5 69. Kc3 Rg5 70. Ra4 Ke6 71. Kd3 Rd5+ 72. Ke4 Rb5 73. Ke3 Kf5 74. Rf4+ Kg5 75. Ra4 Kh4 76. Ra3 Re5+ 77. Kd2 Kg5 78. Ra4 Rf5 79. Ke2 Rb5 80. Ke3 Kh4 81. Ra3 Kh3 82. Ke2+ Kh2 83. Ra4 Rg5 84. Kf1 Kh3 85. Ra3+ Kh4 86. Ra4 Rb5 87. Ra3 Rf5 88. Ke2 Kg5 89. Ra4 Re5+ 90. Kd2 Rf5 91. Ke2 Kh4 92. Ra3 Rf3 93. Rxa5 Kh3 94. Ra4 1/2-1/2

[Event "Nis op"]
[Site "Nis"]
[Date "2009.04.02"]
[Round "9"]
[White "Mladenovic, Jelena"]
[Black "Ostojic, Nikola"]
[Result "1-0"]
[WhiteElo "2142"]
[BlackElo "2086"]
[PlyCount "63"]
[EventDate "2009.03.25"]
[EventType "swiss"]
[EventRounds "9"]
[EventCountry "YUG"]
[SourceTitle "CBM 129 Extra"]
[Source "ChessBase"]
[SourceDate "2009.05.05"]
[SourceVersion "2"]
[SourceVersionDate "2009.05.20"]
[SourceQuality "1"]

1. e4 c5 2. Nf3 d6 3. Bb5+ Nd7 4. 0-0 a6 5. Be2 Ngf6 6. d3 e6 7. Bf4 b5 8. a4 Bb7 9. axb5 axb5 10. Rxa8 Qxa8 11. Nc3 e5 12. Bg3 Bc6 13. Nh4 b4 14. Nb1 g6 15. f4 Be7 16. Nd2 0-0 17. Bg4 exf4 18. Bxf4 Ne5 19. Bh3 Nfd7 20. Qe1 Qd8 21. Nhf3 Bf6 22. Qg3 Qe7 23. d4 cxd4 24. Nxd4 Rc8 25. Nf5 Qf8 26. Bh6 Qd8 27. Nxd6 Rc7 28. Qf4 Qe7 29. N6c4 Bb5 30. Bxd7 Qc5+ 31. Kh1 Nxd7 32. b3 1-0